[Event "Kadettlandskamp NOR-SWE B 2018"]
[Site "NTG, Bærum, Norway"]
[Date "2018.12.15"]
[Round "5.6"]
[White "Muntean, Viktor"]
[Black "Nielsen, Andre"]
[Result "0-1"]
[BlackTitle "FM"]
[WhiteFideId "1054414"]
[BlackFideId "1518240"]
[WhiteElo "1791"]
[BlackElo "1917"]

1. e4 {[%clk 00:15:19]} e5 {[%clk 00:15:18]} {[%emt 00:00:03]} 2. f4 {[%clk
00:15:25]} {[%emt 00:00:04]} d5 {[%clk 00:15:23]} {[%emt 00:00:04]} 3. exd5
{[%clk 00:15:31]} {[%emt 00:00:05]} e4 {[%clk 00:15:28]} {[%emt 00:00:04]} 4.
Nc3 {[%clk 00:15:16]} {[%emt 00:00:25]} Nf6 {[%clk 00:15:34]} {[%emt 00:00:04]}
5. d3 {[%clk 00:14:47]} {[%emt 00:00:40]} Bb4 {[%clk 00:15:36]} {[%emt
00:00:08]} 6. Bd2 {[%clk 00:13:57]} {[%emt 00:01:00]} e3 {[%clk 00:14:43]}
{[%emt 00:01:02]} 7. Bxe3 {[%clk 00:14:03]} {[%emt 00:00:06]} O-O {[%clk
00:14:47]} {[%emt 00:00:05]} 8. Be2 {[%clk 00:13:36]} {[%emt 00:00:38]} Re8
{[%clk 00:14:18]} {[%emt 00:00:38]} 9. Bd2 {[%clk 00:13:35]} {[%emt 00:00:11]}
Bg4 {[%clk 00:13:41]} {[%emt 00:00:46]} 10. h3 {[%clk 00:13:04]} {[%emt
00:00:42]} Bxe2 {[%clk 00:12:43]} {[%emt 00:01:07]} 11. Ncxe2 {[%clk 00:12:33]}
{[%emt 00:00:42]} Nxd5 {[%clk 00:12:35]} {[%emt 00:00:17]} 12. Bxb4 {[%clk
00:12:33]} {[%emt 00:00:11]} Qh4+ {[%clk 00:10:48]} {[%emt 00:01:56]} 13. Kd2
{[%clk 00:12:41]} {[%emt 00:00:03]} Qf2 {[%clk 00:09:48]} {[%emt 00:01:10]} 14.
Qf1 {[%clk 00:11:45]} {[%emt 00:01:06]} Qe3+ {[%clk 00:09:09]} {[%emt
00:00:49]} 15. Kd1 {[%clk 00:11:47]} {[%emt 00:00:08]} Nxb4 {[%clk 00:08:51]}
{[%emt 00:00:28]} 16. Qf3 {[%clk 00:11:22]} {[%emt 00:00:35]} Qxf3 {[%clk
00:08:23]} {[%emt 00:00:38]} 17. Nxf3 {[%clk 00:10:18]} {[%emt 00:01:14]} Nxc2
{[%clk 00:08:15]} {[%emt 00:00:18]} 18. Rc1 {[%clk 00:10:26]} {[%emt 00:00:02]}
Ne3+ {[%clk 00:08:14]} {[%emt 00:00:11]} 19. Kd2 {[%clk 00:10:33]} {[%emt
00:00:02]} Nc6 {[%clk 00:07:16]} {[%emt 00:01:08]} 20. Ned4 {[%clk 00:10:10]}
{[%emt 00:00:34]} Nxg2 {[%clk 00:06:10]} {[%emt 00:01:16]} 21. Nxc6 {[%clk
00:10:10]} {[%emt 00:00:10]} bxc6 {[%clk 00:06:17]} {[%emt 00:00:03]} 22. Rxc6
{[%clk 00:10:13]} {[%emt 00:00:07]} Nxf4 {[%clk 00:06:19]} {[%emt 00:00:09]} 23.
Rxc7 {[%clk 00:10:11]} {[%emt 00:00:12]} Re2+ {[%clk 00:06:22]} {[%emt
00:00:05]} 24. Kc1 {[%clk 00:09:23]} {[%emt 00:00:59]} Nxd3+ {[%clk 00:06:09]}
{[%emt 00:00:23]} 25. Kb1 {[%clk 00:09:29]} {[%emt 00:00:03]} Rxb2+ {[%clk
00:05:52]} {[%emt 00:00:28]} 26. Ka1 {[%clk 00:09:35]} {[%emt 00:00:04]} Rf2
{[%clk 00:05:53]} {[%emt 00:00:08]} 27. Nd4 {[%clk 00:08:54]} {[%emt 00:00:51]}
h6 {[%clk 00:05:07]} {[%emt 00:00:56]} 28. Nc6 {[%clk 00:08:43]} {[%emt
00:00:22]} a5 {[%clk 00:04:48]} {[%emt 00:00:29]} 29. a3 {[%clk 00:08:21]}
{[%emt 00:00:32]} Nc5 {[%clk 00:03:17]} {[%emt 00:01:41]} 30. Ne7+ {[%clk
00:07:57]} {[%emt 00:00:34]} Kf8 {[%clk 00:03:25]} {[%emt 00:00:02]} 31. Rxc5
{[%clk 00:07:39]} {[%emt 00:00:28]} Kxe7 {[%clk 00:03:30]} {[%emt 00:00:05]} 32.
Rc7+ {[%clk 00:07:45]} {[%emt 00:00:04]} Kf8 {[%clk 00:03:26]} {[%emt
00:00:13]} 33. Rb1 {[%clk 00:07:18]} {[%emt 00:00:37]} Rf3 {[%clk 00:03:10]}
{[%emt 00:00:27]} 34. Ka2 {[%clk 00:07:26]} {[%emt 00:00:02]} Re8 {[%clk
00:02:42]} {[%emt 00:00:37]} 35. Rc5 {[%clk 00:06:50]} {[%emt 00:00:46]} a4
{[%clk 00:02:06]} {[%emt 00:00:46]} 36. Rc4 {[%clk 00:06:46]} {[%emt 00:00:14]}
Ra8 {[%clk 00:01:49]} {[%emt 00:00:27]} 37. Rc7 {[%clk 00:06:43]} {[%emt
00:00:13]} Rxh3 {[%clk 00:01:41]} {[%emt 00:00:18]} 38. Rf1 {[%clk 00:06:51]}
{[%emt 00:00:02]} f6 {[%clk 00:01:44]} {[%emt 00:00:07]} 39. Rg1 {[%clk
00:06:59]} {[%emt 00:00:02]} Rh2+ {[%clk 00:01:35]} {[%emt 00:00:19]} 40. Ka1
{[%clk 00:06:56]} {[%emt 00:00:13]} g5 {[%clk 00:01:33]} {[%emt 00:00:11]} 41.
Rf1 {[%clk 00:06:40]} {[%emt 00:00:26]} Ra6 {[%clk 00:01:19]} {[%emt 00:00:23]}
42. Rb1 {[%clk 00:06:47]} {[%emt 00:00:03]} Re6 {[%clk 00:01:15]} {[%emt
00:00:14]} 43. Rb8+ {[%clk 00:06:10]} {[%emt 00:00:48]} Re8 {[%clk 00:01:23]}
{[%emt 00:00:02]} 44. Rb1 {[%clk 00:06:18]} {[%emt 00:00:02]} Ree2 {[%clk
00:01:22]} {[%emt 00:00:10]} 45. Rd1 {[%clk 00:06:07]} {[%emt 00:00:21]} Ra2+
{[%clk 00:00:53]} {[%emt 00:00:38]} 46. Kb1 {[%clk 00:06:15]} {[%emt 00:00:02]}
Rhb2+ {[%clk 00:00:58]} {[%emt 00:00:06]} 47. Kc1 {[%clk 00:06:23]} {[%emt
00:00:02]} Ra1+ {[%clk 00:00:52]} {[%emt 00:00:16]} 48. Kxb2 {[%clk 00:06:30]}
{[%emt 00:00:03]} Rxd1 {[%clk 00:00:59]} {[%emt 00:00:03]} 0-1

[Event "Kadettlandskamp NOR-SWE B 2018"]
[Site "NTG, Bærum, Norway"]
[Date "2018.12.15"]
[Round "6.1"]
[White "Fossan, Aleksander"]
[Black "Falkevall, Axel"]
[Result "0-1"]
[WhiteFideId "1519794"]
[BlackFideId "1735560"]
[WhiteElo "1903"]
[BlackElo "1715"]

1. e4 {[%clk 00:15:19]} e6 {[%clk 00:15:19]} {[%emt 00:00:01]} 2. d4 {[%clk
00:15:28]} d5 {[%clk 00:15:28]} 3. Nc3 {[%clk 00:15:34]} {[%emt 00:00:06]} Nf6
{[%clk 00:15:37]} 4. e5 {[%clk 00:15:44]} Nfd7 5. f4 c5 {[%clk 00:15:55]} 6.
Nf3 {[%clk 00:16:03]} Nc6 {[%clk 00:16:02]} {[%emt 00:00:03]} 7. Be3 {[%clk
00:16:13]} Be7 {[%clk 00:16:07]} {[%emt 00:00:06]} 8. Be2 {[%clk 00:16:01]}
{[%emt 00:00:22]} a6 {[%clk 00:16:10]} {[%emt 00:00:07]} 9. Qd2 {[%clk
00:15:51]} {[%emt 00:00:20]} b5 {[%clk 00:16:07]} {[%emt 00:00:12]} 10. dxc5
{[%clk 00:15:58]} {[%emt 00:00:03]} Nxc5 {[%clk 00:16:04]} {[%emt 00:00:14]} 11.
a3 {[%clk 00:15:08]} {[%emt 00:01:00]} Bb7 {[%clk 00:15:56]} {[%emt 00:00:18]}
12. O-O {[%clk 00:15:09]} {[%emt 00:00:09]} O-O {[%clk 00:15:19]} {[%emt
00:00:46]} 13. Nd4 {[%clk 00:14:54]} {[%emt 00:00:26]} Qc7 {[%clk 00:14:41]}
{[%emt 00:00:46]} 14. Bf3 {[%clk 00:14:36]} {[%emt 00:00:30]} Rac8 {[%clk
00:14:11]} {[%emt 00:00:40]} 15. Nce2 {[%clk 00:13:59]} {[%emt 00:00:46]} Rfd8
{[%clk 00:13:45]} {[%emt 00:00:36]} 16. Nxc6 {[%clk 00:13:51]} {[%emt
00:00:19]} Bxc6 {[%clk 00:13:49]} {[%emt 00:00:06]} 17. Nd4 {[%clk 00:13:56]}
{[%emt 00:00:05]} Ne4 {[%clk 00:13:34]} {[%emt 00:00:24]} 18. Qd3 {[%clk
00:13:19]} {[%emt 00:00:47]} Bb7 {[%clk 00:13:15]} {[%emt 00:00:29]} 19. Rac1
{[%clk 00:11:51]} {[%emt 00:01:39]} Nc5 {[%clk 00:12:14]} {[%emt 00:01:11]} 20.
Qe2 {[%clk 00:11:45]} {[%emt 00:00:14]} Na4 {[%clk 00:11:57]} {[%emt 00:00:27]}
21. c3 {[%clk 00:11:47]} {[%emt 00:00:09]} Nb6 {[%clk 00:12:02]} {[%emt
00:00:05]} 22. Qf2 {[%clk 00:11:21]} {[%emt 00:00:36]} Nc4 {[%clk 00:12:04]}
{[%emt 00:00:07]} 23. Rc2 {[%clk 00:10:37]} {[%emt 00:00:54]} Bc5 {[%clk
00:11:25]} {[%emt 00:00:49]} 24. Be2 {[%clk 00:10:18]} {[%emt 00:00:30]} Nxe3
{[%clk 00:11:02]} {[%emt 00:00:32]} 25. Qxe3 {[%clk 00:10:27]} {[%emt
00:00:02]} Qb6 {[%clk 00:11:07]} {[%emt 00:00:05]} 26. Rd2 {[%clk 00:10:15]}
{[%emt 00:00:22]} Bc6 {[%clk 00:10:42]} {[%emt 00:00:34]} 27. Kh1 {[%clk
00:09:58]} {[%emt 00:00:27]} a5 {[%clk 00:10:36]} {[%emt 00:00:16]} 28. Qh3
{[%clk 00:08:46]} {[%emt 00:01:23]} b4 {[%clk 00:10:20]} {[%emt 00:00:25]} 29.
axb4 {[%clk 00:08:44]} {[%emt 00:00:13]} axb4 {[%clk 00:10:28]} {[%emt
00:00:02]} 30. f5 {[%clk 00:08:37]} {[%emt 00:00:16]} Bd7 {[%clk 00:09:41]}
{[%emt 00:00:57]} 31. f6 {[%clk 00:08:26]} {[%emt 00:00:22]} bxc3 {[%clk
00:09:42]} {[%emt 00:00:08]} 32. bxc3 {[%clk 00:08:10]} {[%emt 00:00:27]} g6
{[%clk 00:09:17]} {[%emt 00:00:34]} 33. Qe3 {[%clk 00:05:09]} {[%emt 00:03:07]}
Bf8 {[%clk 00:08:39]} {[%emt 00:00:51]} 34. h4 {[%clk 00:05:05]} {[%emt
00:00:15]} Qa5 {[%clk 00:08:32]} {[%emt 00:00:17]} 35. Rf3 {[%clk 00:04:44]}
{[%emt 00:00:31]} Rc7 {[%clk 00:06:53]} {[%emt 00:01:49]} 36. h5 {[%clk
00:04:37]} {[%emt 00:00:17]} Rdc8 {[%clk 00:07:01]} {[%emt 00:00:02]} 37. hxg6
{[%clk 00:03:36]} {[%emt 00:01:10]} hxg6 {[%clk 00:06:58]} {[%emt 00:00:13]} 38.
Rc2 {[%clk 00:03:33]} {[%emt 00:00:14]} Ba4 {[%clk 00:06:52]} {[%emt 00:00:16]}
39. Rc1 {[%clk 00:03:26]} {[%emt 00:00:16]} Qb6 {[%clk 00:05:53]} {[%emt
00:01:09]} 40. Rh3 {[%clk 00:03:13]} {[%emt 00:00:24]} Qb2 {[%clk 00:05:50]}
{[%emt 00:00:11]} 41. Bg4 {[%clk 00:01:16]} {[%emt 00:02:09]} Rc4 {[%clk
00:04:43]} {[%emt 00:01:17]} 42. Rg1 {[%clk 00:00:13]} {[%emt 00:01:13]} Rxc3
{[%clk 00:04:34]} {[%emt 00:00:19]} 43. Qf4 {[%clk 00:00:14]} {[%emt 00:00:08]}
Rxh3+ {[%clk 00:04:33]} {[%emt 00:00:11]} 44. Bxh3 {[%clk 00:00:20]} {[%emt
00:00:05]} Rc4 {[%clk 00:04:34]} {[%emt 00:00:08]} 45. Qg5 {[%clk 00:00:11]}
{[%emt 00:00:20]} Qxd4 {[%clk 00:04:11]} {[%emt 00:00:32]} 46. g3 {[%clk
00:00:12]} {[%emt 00:00:10]} Bc2 {[%clk 00:04:08]} {[%emt 00:00:12]} 47. Bg2
{[%clk 00:00:13]} {[%emt 00:00:10]} Be4 {[%clk 00:04:09]} {[%emt 00:00:09]} 48.
Kh2 {[%clk 00:00:20]} {[%emt 00:00:03]} Bxg2 {[%clk 00:04:01]} {[%emt
00:00:17]} 49. Rxg2 {[%clk 00:00:29]} {[%emt 00:00:02]} Qg4 {[%clk 00:04:03]}
{[%emt 00:00:07]} 50. Qe3 {[%clk 00:00:34]} {[%emt 00:00:06]} Qh5+ {[%clk
00:04:07]} {[%emt 00:00:06]} 51. Kg1 {[%clk 00:00:43]} Bh6 {[%clk 00:04:12]}
{[%emt 00:00:04]} 52. Qb3 {[%clk 00:00:42]} {[%emt 00:00:12]} Rc1+ {[%clk
00:03:58]} {[%emt 00:00:24]} 53. Kf2 {[%clk 00:00:52]} {[%emt 00:00:02]} Qf5+
{[%clk 00:04:03]} {[%emt 00:00:04]} 54. Ke2 {[%clk 00:00:58]} {[%emt 00:00:03]}
Qf1# {[%clk 00:04:07]} {[%emt 00:00:04]} 0-1

[Event "Kadettlandskamp NOR-SWE B 2018"]
[Site "NTG, Bærum, Norway"]
[Date "2018.12.15"]
[Round "6.2"]
[White "Nielsen, Andre"]
[Black "Olsson, William"]
[Result "1-0"]
[WhiteTitle "FM"]
[WhiteFideId "1518240"]
[BlackFideId "1741721"]
[WhiteElo "1917"]
[BlackElo "1743"]

1. e4 {[%clk 00:15:17]} {[%emt 00:00:02]} c5 {[%clk 00:15:17]} {[%emt
00:00:04]} 2. Nf3 {[%clk 00:15:22]} {[%emt 00:00:05]} d6 {[%clk 00:15:21]}
{[%emt 00:00:06]} 3. d4 {[%clk 00:15:28]} {[%emt 00:00:05]} cxd4 {[%clk
00:15:28]} {[%emt 00:00:03]} 4. Nxd4 {[%clk 00:15:33]} {[%emt 00:00:05]} Nf6
{[%clk 00:15:35]} {[%emt 00:00:03]} 5. Nc3 {[%clk 00:15:37]} {[%emt 00:00:06]}
g6 {[%clk 00:15:31]} {[%emt 00:00:13]} 6. Be3 {[%clk 00:15:37]} {[%emt
00:00:10]} Bg7 {[%clk 00:15:18]} {[%emt 00:00:23]} 7. f3 {[%clk 00:15:32]}
{[%emt 00:00:14]} O-O {[%clk 00:15:25]} {[%emt 00:00:04]} 8. Qd2 {[%clk
00:15:34]} {[%emt 00:00:08]} Nc6 {[%clk 00:15:32]} {[%emt 00:00:03]} 9. Bc4
{[%clk 00:15:38]} {[%emt 00:00:06]} Bd7 {[%clk 00:15:40]} {[%emt 00:00:03]} 10.
O-O-O {[%clk 00:15:36]} {[%emt 00:00:11]} Rc8 {[%clk 00:15:48]} {[%emt
00:00:03]} 11. Bb3 {[%clk 00:15:40]} {[%emt 00:00:06]} Ne5 {[%clk 00:15:55]}
{[%emt 00:00:03]} 12. Kb1 {[%clk 00:15:41]} {[%emt 00:00:09]} b5 {[%clk
00:15:25]} {[%emt 00:00:41]} 13. Ndxb5 {[%clk 00:14:34]} {[%emt 00:01:17]} a5
{[%clk 00:15:02]} {[%emt 00:00:34]} 14. a4 {[%clk 00:13:40]} {[%emt 00:01:03]}
Nc4 {[%clk 00:14:47]} {[%emt 00:00:25]} 15. Bxc4 {[%clk 00:13:42]} {[%emt
00:00:07]} Rxc4 {[%clk 00:14:55]} {[%emt 00:00:03]} 16. b3 {[%clk 00:12:49]}
{[%emt 00:01:02]} Rc8 {[%clk 00:14:41]} {[%emt 00:00:25]} 17. Bd4 {[%clk
00:11:57]} {[%emt 00:01:02]} Be6 {[%clk 00:13:31]} {[%emt 00:01:20]} 18. Nd5
{[%clk 00:10:53]} {[%emt 00:01:13]} Nxd5 {[%clk 00:13:18]} {[%emt 00:00:23]} 19.
Bxg7 {[%clk 00:10:43]} {[%emt 00:00:20]} Kxg7 {[%clk 00:13:23]} {[%emt
00:00:05]} 20. exd5 {[%clk 00:10:48]} {[%emt 00:00:05]} Bf5 {[%clk 00:13:31]}
{[%emt 00:00:02]} 21. Nd4 {[%clk 00:10:38]} {[%emt 00:00:19]} Bd7 {[%clk
00:13:22]} {[%emt 00:00:20]} 22. h4 {[%clk 00:10:09]} {[%emt 00:00:38]} Qb6
{[%clk 00:13:13]} {[%emt 00:00:18]} 23. h5 {[%clk 00:08:59]} {[%emt 00:01:21]}
Rh8 {[%clk 00:13:18]} {[%emt 00:00:03]} 24. Qe3 {[%clk 00:08:14]} {[%emt
00:00:57]} Qc5 {[%clk 00:12:43]} {[%emt 00:00:47]} 25. Qxe7 {[%clk 00:07:37]}
{[%emt 00:00:46]} Rhd8 {[%clk 00:11:40]} {[%emt 00:01:12]} 26. h6+ {[%clk
00:06:43]} {[%emt 00:01:04]} Kg8 {[%clk 00:11:07]} {[%emt 00:00:44]} 27. Qf6
{[%clk 00:06:46]} {[%emt 00:00:07]} Kf8 {[%clk 00:11:11]} {[%emt 00:00:06]} 28.
Rhe1 {[%clk 00:06:34]} {[%emt 00:00:21]} 1-0

[Event "Kadettlandskamp NOR-SWE B 2018"]
[Site "NTG, Bærum, Norway"]
[Date "2018.12.15"]
[Round "6.3"]
[White "Nguyen, Gabriel"]
[Black "Abdrlauf, Elham"]
[Result "1-0"]
[WhiteFideId "1720791"]
[BlackFideId "1533533"]
[WhiteElo "1906"]
[BlackElo "2191"]

1. d4 {[%clk 00:15:18]} {[%emt 00:00:01]} Nf6 {[%clk 00:15:19]} {[%emt
00:00:01]} 2. c4 {[%clk 00:15:26]} {[%emt 00:00:02]} c5 {[%clk 00:15:28]}
{[%emt 00:00:02]} 3. d5 {[%clk 00:15:34]} {[%emt 00:00:02]} b5 {[%clk
00:15:37]} 4. cxb5 {[%clk 00:15:40]} {[%emt 00:00:04]} a6 {[%clk 00:15:46]}
{[%emt 00:00:01]} 5. bxa6 {[%clk 00:15:44]} {[%emt 00:00:07]} g6 {[%clk
00:15:55]} 6. Nc3 {[%clk 00:15:53]} Bg7 {[%clk 00:16:04]} {[%emt 00:00:01]} 7.
e4 {[%clk 00:16:01]} {[%emt 00:00:01]} O-O {[%clk 00:16:13]} {[%emt 00:00:01]}
8. Nf3 {[%clk 00:14:45]} {[%emt 00:01:26]} d6 {[%clk 00:16:01]} {[%emt
00:00:21]} 9. a4 {[%clk 00:13:53]} {[%emt 00:01:03]} Qa5 {[%clk 00:15:35]}
{[%emt 00:00:36]} 10. Bd2 {[%clk 00:14:00]} {[%emt 00:00:03]} Bxa6 {[%clk
00:15:36]} {[%emt 00:00:09]} 11. Bxa6 {[%clk 00:11:07]} {[%emt 00:03:03]} Nxa6
{[%emt 00:00:14]} 12. O-O {[%clk 00:10:34]} {[%emt 00:00:40]} Rfb8 {[%clk
00:15:25]} {[%emt 00:00:19]} 13. Nb5 {[%clk 00:10:21]} {[%emt 00:00:25]} Qd8
{[%clk 00:15:32]} {[%emt 00:00:02]} 14. Qe2 {[%clk 00:10:24]} {[%emt 00:00:07]}
Nc7 {[%clk 00:15:28]} {[%emt 00:00:13]} 15. Nxc7 {[%clk 00:10:21]} {[%emt
00:00:15]} Qxc7 {[%clk 00:15:35]} {[%emt 00:00:01]} 16. Bc3 {[%clk 00:10:30]}
{[%emt 00:00:03]} Qb7 {[%clk 00:15:05]} {[%emt 00:00:40]} 17. Rfd1 {[%clk
00:09:12]} {[%emt 00:01:27]} Qa6 {[%clk 00:14:25]} {[%emt 00:00:51]} 18. Qc2
{[%clk 00:08:14]} {[%emt 00:01:07]} Rb7 {[%clk 00:13:46]} {[%emt 00:00:48]} 19.
Nd2 {[%clk 00:07:14]} {[%emt 00:01:10]} Rab8 {[%clk 00:13:35]} {[%emt
00:00:21]} 20. b3 {[%clk 00:07:04]} {[%emt 00:00:20]} Nd7 {[%clk 00:11:49]}
{[%emt 00:01:56]} 21. Bxg7 {[%clk 00:04:19]} {[%emt 00:02:56]} Kxg7 {[%clk
00:10:55]} {[%emt 00:01:04]} 22. Qc3+ {[%clk 00:04:24]} {[%emt 00:00:05]} Kg8
{[%clk 00:11:00]} {[%emt 00:00:05]} 23. Rab1 {[%clk 00:04:25]} {[%emt
00:00:09]} Ne5 {[%clk 00:10:02]} {[%emt 00:01:09]} 24. f4 {[%clk 00:04:06]}
{[%emt 00:00:28]} Qd3 {[%clk 00:09:07]} {[%emt 00:01:06]} 25. Qxd3 {[%clk
00:04:14]} {[%emt 00:00:02]} Nxd3 {[%clk 00:09:16]} {[%emt 00:00:02]} 26. g3
{[%clk 00:04:18]} {[%emt 00:00:06]} Nb4 {[%clk 00:08:03]} {[%emt 00:01:23]} 27.
Rbc1 {[%clk 00:03:03]} {[%emt 00:01:24]} Kf8 {[%clk 00:07:06]} {[%emt
00:01:07]} 28. Rc3 {[%clk 00:02:40]} {[%emt 00:00:33]} f5 {[%clk 00:06:48]}
{[%emt 00:00:28]} 29. Kg2 {[%clk 00:02:15]} {[%emt 00:00:34]} fxe4 {[%clk
00:06:27]} {[%emt 00:00:31]} 30. Nxe4 {[%clk 00:02:23]} {[%emt 00:00:02]} h6
{[%clk 00:06:35]} 31. Kh3 {[%clk 00:01:37]} {[%emt 00:00:56]} Na6 {[%clk
00:06:44]} {[%emt 00:00:01]} 32. Rdd3 {[%clk 00:01:40]} {[%emt 00:00:07]} Rb4
{[%clk 00:06:44]} {[%emt 00:00:10]} 33. Nd2 {[%clk 00:01:41]} {[%emt 00:00:09]}
Nc7 {[%clk 00:06:32]} {[%emt 00:00:22]} 34. Rc4 {[%clk 00:01:04]} {[%emt
00:00:47]} Na6 {[%clk 00:06:06]} {[%emt 00:00:36]} 35. Rcc3 {[%clk 00:01:10]}
{[%emt 00:00:05]} Nc7 {[%clk 00:06:09]} {[%emt 00:00:06]} 36. Rc4 {[%clk
00:01:19]} Ke8 {[%clk 00:05:26]} {[%emt 00:00:53]} 37. Kg4 {[%clk 00:01:11]}
{[%emt 00:00:18]} Kd7 {[%clk 00:05:30]} {[%emt 00:00:06]} 38. h4 {[%clk
00:01:17]} {[%emt 00:00:03]} Ne8 {[%clk 00:04:36]} {[%emt 00:01:04]} 39. Kf3
{[%clk 00:01:12]} {[%emt 00:00:16]} R4b7 {[%clk 00:04:32]} {[%emt 00:00:14]} 40.
g4 {[%clk 00:01:06]} {[%emt 00:00:16]} Nf6 {[%clk 00:04:25]} {[%emt 00:00:18]}
41. g5 {[%clk 00:01:00]} {[%emt 00:00:16]} hxg5 {[%clk 00:04:34]} {[%emt
00:00:01]} 42. hxg5 {[%clk 00:00:59]} {[%emt 00:00:11]} Ne8 {[%clk 00:04:36]}
{[%emt 00:00:07]} 43. Re4 {[%clk 00:00:43]} {[%emt 00:00:26]} Ng7 {[%clk
00:04:41]} {[%emt 00:00:05]} 44. Kg4 {[%clk 00:00:40]} {[%emt 00:00:13]} Rh8
{[%clk 00:04:22]} {[%emt 00:00:29]} 45. a5 {[%clk 00:00:31]} {[%emt 00:00:19]}
Nf5 {[%clk 00:04:26]} {[%emt 00:00:06]} 46. Rh3 {[%clk 00:00:34]} {[%emt
00:00:07]} Rxh3 {[%clk 00:04:26]} {[%emt 00:00:10]} 47. Kxh3 {[%clk 00:00:43]}
{[%emt 00:00:01]} Nd4 {[%clk 00:04:35]} {[%emt 00:00:01]} 48. Re3 {[%clk
00:00:43]} {[%emt 00:00:10]} Rb5 {[%clk 00:04:24]} {[%emt 00:00:20]} 49. Nc4
{[%clk 00:00:34]} {[%emt 00:00:19]} Nf5 {[%clk 00:04:09]} {[%emt 00:00:25]} 50.
Rd3 {[%clk 00:00:36]} {[%emt 00:00:08]} Rb8 {[%clk 00:04:18]} {[%emt 00:00:01]}
51. Kg2 {[%clk 00:00:27]} {[%emt 00:00:18]} Kc7 {[%clk 00:04:24]} {[%emt
00:00:04]} 52. Ne3 {[%clk 00:00:26]} {[%emt 00:00:11]} Nd4 {[%clk 00:04:23]}
{[%emt 00:00:10]} 53. Nc4 {[%clk 00:00:23]} {[%emt 00:00:14]} Nxb3 {[%clk
00:04:09]} {[%emt 00:00:25]} 54. a6 {[%clk 00:00:31]} {[%emt 00:00:01]} Nd4
{[%clk 00:04:17]} {[%emt 00:00:03]} 55. Ra3 {[%clk 00:00:27]} {[%emt 00:00:13]}
Nf5 {[%clk 00:03:46]} {[%emt 00:00:41]} 56. Ra2 {[%clk 00:00:20]} {[%emt
00:00:17]} Ra8 {[%clk 00:03:47]} {[%emt 00:00:09]} 57. Ra1 {[%clk 00:00:26]}
{[%emt 00:00:02]} Rh8 {[%clk 00:03:31]} {[%emt 00:00:28]} 58. Ra2 {[%clk
00:00:29]} {[%emt 00:00:07]} Kb8 {[%clk 00:03:07]} {[%emt 00:00:34]} 59. a7+
{[%clk 00:00:15]} {[%emt 00:00:24]} Kb7 {[%clk 00:03:12]} {[%emt 00:00:04]} 60.
Nb6 {[%clk 00:00:20]} {[%emt 00:00:05]} Kxb6 {[%clk 00:03:11]} {[%emt
00:00:12]} 61. a8=Q {[%clk 00:00:28]} {[%emt 00:00:01]} Rxa8 {[%clk 00:03:20]}
{[%emt 00:00:01]} 62. Rxa8 {[%clk 00:00:37]} {[%emt 00:00:01]} c4 {[%emt
00:00:04]} 63. Rc8 {[%clk 00:00:40]} {[%emt 00:00:07]} Kb5 {[%clk 00:03:31]}
{[%emt 00:00:06]} 64. Kf2 {[%clk 00:00:46]} {[%emt 00:00:02]} Kb4 {[%clk
00:03:37]} {[%emt 00:00:05]} 65. Ke1 {[%clk 00:00:48]} {[%emt 00:00:08]} Ne3
{[%clk 00:03:41]} {[%emt 00:00:06]} 66. Kd2 {[%clk 00:00:17]} {[%emt 00:00:41]}
Nxd5 {[%clk 00:03:50]} {[%emt 00:00:02]} 67. f5 {[%clk 00:00:24]} {[%emt
00:00:03]} c3+ {[%clk 00:03:52]} {[%emt 00:00:07]} 68. Kc1 {[%clk 00:00:33]}
{[%emt 00:00:02]} gxf5 {[%clk 00:03:25]} {[%emt 00:00:37]} 69. g6 {[%clk
00:00:41]} Nf6 {[%clk 00:02:52]} {[%emt 00:00:44]} 70. g7 {[%clk 00:00:49]}
{[%emt 00:00:02]} f4 {[%clk 00:02:59]} {[%emt 00:00:03]} 71. Rf8 {[%clk
00:00:57]} {[%emt 00:00:02]} f3 {[%clk 00:02:45]} {[%emt 00:00:25]} 72. Rxf6
{[%clk 00:00:58]} {[%emt 00:00:08]} exf6 {[%clk 00:02:53]} {[%emt 00:00:01]} 73.
g8=Q {[%clk 00:01:06]} {[%emt 00:00:03]} f2 {[%clk 00:02:54]} {[%emt 00:00:09]}
74. Qg2 {[%clk 00:01:13]} {[%emt 00:00:03]} 1-0